| 000 | 00328nam a22001217a 4500 | ||
|---|---|---|---|
| 020 | _a0-7100-6636-8 | ||
| 082 | _a327.1 LAQ'S | ||
| 100 |
_aLAQUEUR, WALTER _975981 |
||
| 245 | _aTHE STRUGGLE FOR THE MIDDLE EAST THE SOVIET UNION AND THE MIDDLE EAST 1958-88 | ||
| 260 |
_aLONDON _bROUTLEDGE _c1969 |
||
| 300 | _a360P | ||
| 942 | _cBK | ||
| 999 |
_c581384 _d581384 |
||